000 00359 a2200157 4500
001 64115
020 _a9788565383950
040 _cAnchieta - Pituba
100 _aPitliuk, Marcio
240 1 0 _aO homem que venceu Hitler
_lpor
245 1 0 _aO homem que venceu Hitler
300 _a252p.
362 0 _a2012
650 4 _aFicção brasileira
942 _cBK
999 _c64115
_d64115